000 00442pab a2200181 454500
008 180718b2010 xxu||||| |||| 00| 0 eng d
100 _aSharma, Susheel Kumar
245 _aIndian idea of kingship
260 _c2010
300 _ap.383-398.
362 _aApr-Jun
650 _aKingship - India
650 _aKingship
700 _aSingh, Vinod Kumar
773 _aIndian Journal of Political Science
908 _aN
909 _a89752
999 _c89752
_d89752